000 00648nam a22001817a 4500
999 _c8896
_d8896
003 AR-CdUCM
008 190326b ||||| |||| 00| 0 spa d
040 _aMUNICIPALIDAD PROVINCIAL DEL CUSCO
_cBIBLIOTECA MUNICIPAL DEL CUSCO
082 _a296.16 /
_bF16
100 _aFortune, Dión
_924730
245 _aLa Cábala Mística /
260 _aBuenos Aires :
_bKier ;
_c1944.
300 _a381 páginas ;
_bDiagramas
_c21cm
505 _aContenido: El yoga del occidente -- La cábala no escrita -- Existencia negativa -- Otz Chaim, el árbol de la vida -- Los tres supernos...
650 _aJudaísmo
_93633
942 _2ddc
_cLIBROS
945 _anom